MARC

LEADER 00000nam0a2200000 4500
001 174593
005 20231031164850.0
035 |a (RuTPU)RU\TPU\book\189324 
090 |a 174593 
100 |a 20100130d1978 m y0rusy50 ca 
101 0 |a rus 
102 |a RU 
105 |a a j 001zy 
200 1 |a Сборник задач по теории колебаний  |e учебное пособие для вузов  |f под ред. Л. В. Постникова, В. И. Королева 
210 |a Москва  |c Наука  |d 1978 
215 |a 271 с.  |c ил. 
320 |a Библиогр.: с. 270-271. 
610 1 |a линейные динамические системы 
610 1 |a устойчивость 
610 1 |a нелинейные колебания 
610 1 |a теория 
610 1 |a асимптотические методы 
610 1 |a квазигармонические колебания 
610 1 |a цепочечные линии передачи 
610 1 |a распределенные линии передачи 
610 1 |a нелинейные распределенные системы 
610 1 |a задачи 
610 1 |a типовые решения 
610 1 |a учебные пособия 
675 |a 534.01(076)  |v 3 
702 1 |a Постников  |b Л. В.  |g Лев Вениаминович  |4 340 
702 1 |a Королев  |b В. И.  |g Виктор Иванович  |4 340 
801 1 |a RU  |b 63413507  |c 20100130 
801 2 |a RU  |b 63413507  |c 20140510  |g RCR 
942 |c BK